000 03213cam a2200385 i 4500
001 991107108407306196
005 20260515110534.0
008 210416s2021 nyuaf g b 001 0 eng
010 _a 2021012810
020 _a9781984825438
_qpaperback
020 _a1984825437
_qpaperback
020 _z9781984825445
_qelectronic book
024 8 _a99989258472
035 _a(OCoLC)1249712079
035 _a(OCoLC)on1249712079
040 _aLBSOR/DLC
_beng
_erda
_cDLC
_dOCLCO
_dOCLCF
_dGZD
_dGL4
_dYDX
041 _aEnglish
042 _apcc
050 0 0 _aGV1469.3
_b.K453 2021
082 0 0 _a794.809
_223
100 _aKent, Steve L.,
_eauthor.
_927084
245 1 4 _aThe ultimate history of video games.
_nVolume 2.
_pNintendo, Sony, Microsoft, and the billion-dollar battle to shape modern gaming
_c/ Steven L. Kent.
246 3 _aUltimate history of video games.
_nVolume two.
246 3 _aUltimate history of video games.
_nVolume II.
246 3 0 _aHistory of video games.
250 _aFirst edition.
264 1 _aNew York :
_bCrown,
_c[2021]
300 _axxiv, 562 pages, 16 pages of plates :
_billustrations ;
_c24 cm
504 _aIncludes bibliographical references and index.
505 0 _aForeword / by Mark Cerny — Introduction: "Why on earth?" — Sony, the one and only — The last days of Sega: a cautionary tale — Nintendo in third — "But what about Sony?" — "Impossible to beat Sony in this race" — A rising tide — The launch from hell — "Mostly dead": the afterlife of the arcade business — "Slightly less horrific than I imagined" — Rise to the heavens — Microsoft's revolution — One bluffs. One checks. One calls. — Keeping secrets — "So you say you want a revolution" — Wii wins — The games that defined generation seven — Electronic Arts Activision: the biggest publisher in games — Movies and games : trapped in a bad romance.
520 _a"As video games evolve, only the fittest companies survive... In volume 1 of The Ultimate History of Video Games, [Steven L. Kent] chronicled the industry's first thirty years. In volume 2, he narrates gaming's entrance into the twenty-first century, as Nintendo, Sega, Sony, and Microsoft battle to capture the global market. The home console boom of the '90s turned hobby companies like Nintendo and Sega into Hollywood-studio-sized business titans. But by the end of the decade, they would face new, more powerful competitors. In boardrooms on both sides of the Pacific, engineers and executives began, with enormous budgets and total secrecy, to plan the next evolution of home consoles. The PlayStation 2, Nintendo GameCube, and Sega Dreamcast all made radically different bets on what gamers would want. And then, to the shock of the world, Bill Gates announced the development of the one console to beat them all-even if Microsoft had to burn a few billion dollars to do it... [This volume] explores the origins of modern consoles and of the franchises-from Grand Theft Auto and Halo to Call of Duty and Guitar Hero-that would define gaming in the new millennium"--
_cProvided by publisher.
650 0 _aVideo Games —History
_x.
650 0 _aVideo games industry
_xHistory.
942 _2lcc
999 _c5468
_d5468